00669nam a22001817a 4500952013900000999001700139003000400156005001700160008004100177020001800218040000900236082002200245100002700267245008500294260004900379300000900428942005000437 00102ddc40708ECONOMICSaMESbMEScECO d2021-03-10g695.00l0o330.954025 MOO/Ep40966r2021-03-10 00:00:00w2021-03-10yBKzGL4R1 c41110d41110OSt20210310151703.0210310b ||||| |||| 00| 0 eng d a9780199450541 coclc a330.954025bMOO/E 93106a Moosvi, Shireen aThe Economy Of The Mughal Empire :bC 1595 A Statistical Study /cShireen Moosvi aNew Delhi:bOxford University Press, c2015. a476p 2ddccBKh330.954025iMOO/Ek330.954025mMOO/E